| 000 | 01497cam a22003614a 4500 | ||
|---|---|---|---|
| 001 | 15066625 | ||
| 003 | OSt | ||
| 005 | 20220719154531.0 | ||
| 008 | 071101s2008 ilua b 001 0 eng | ||
| 010 | _a 2007045189 | ||
| 020 | _a9780802434340 | ||
| 020 | _a0802434347 | ||
| 040 |
_aDLC _cDLC _dDLC |
||
| 050 | 0 | 0 |
_a230 _bEN59M |
| 082 | 0 | 0 |
_a230 _222 _bEN59M |
| 100 | 1 |
_aEnns, Paul P., _d1937- |
|
| 245 | 1 | 4 |
_aThe moody handbook of theology / _cPaul Enns. |
| 250 | _aRev. and expanded. | ||
| 260 |
_aChicago : _bMoody Publishers, _cc2008. |
||
| 300 |
_a766 p. : _bill. ; _c24 cm. |
||
| 504 | _aIncludes bibliographical references and index. | ||
| 505 | 0 | _aBiblical theology -- Systematic theology -- Historical theology -- Dogmatic theology -- Contemporary theology. | |
| 650 | 0 |
_aTheology _vHandbooks, manuals, etc. |
|
| 650 | 0 |
_aFundamentalism _vHandbooks, manuals, etc. |
|
| 650 | 0 |
_aDispensationalism _vHandbooks, manuals, etc. |
|
| 650 | 0 |
_aEvangelicalism _vHandbooks, manuals, etc. |
|
| 856 | 4 | 1 |
_3Table of contents only _uhttp://www.loc.gov/catdir/toc/fy0803/2007045189.html |
| 856 | 4 | 2 |
_3Contributor biographical information _uhttp://www.loc.gov/catdir/enhancements/fy1113/2007045189-b.html |
| 856 | 4 | 2 |
_3Publisher description _uhttp://www.loc.gov/catdir/enhancements/fy1113/2007045189-d.html |
| 906 |
_a7 _bcbc _corignew _d1 _eecip _f20 _gy-gencatlg |
||
| 942 |
_2ddc _cBK |
||
| 999 |
_c10951 _d10951 |
||